Tiere🩁 - Allgemeinwissen - Einfach - Statistiken

Allgemein
  • Dieses Quiz wurde 264 mal gespielt
  • Das Durchschnittsergebnis liegt bei 10 aus 14
Antwortstatistiken
Hint Antwort % Korrekt
Welches Tier ist das höchste an Land? Die Giraffe
98%
Welches Tier frisst nur Bambus? Der Panda
97%
Welche Gattung von Tieren ist als „bester Freund des Menschen“ bekannt Der Hund
79%
Welcher Vogel kann rĂŒckwĂ€rts fliegen? Der Kolibri
79%
Welches Tier ist am engsten mit dem Menschen verwandt? Der Schimpanse
79%
Sprichwort: Auch ein blindes 
 findet mal ein Korn Das Huhn
74%
Sprichwort: Der frĂŒhe Vogel fĂ€ngt den 
 Der Wurm
74%
Welches ist das grĂ¶ĂŸte Tier bei den Bremer Stadtmusikanten? Der Esel
72%
Welches Tier ist das langsamste der Welt, dass nur an Land lebt? Das Faultier
71%
Welches Tier ist ein SĂ€ugetier, obwohl es Eier legt? Das Schnabeltier
61%
Lied von Helge Schneider: 
klo Die Katze
60%
Welches Tier ist das Bekannteste von Neuseeland? Der Kiwi
50%
Welche Art von Tieren hat 8 Beine? Die Spinnentiere
35%
Welchen BÀren sollte man laut einem bekannten Sprichwort am ehesten besiegen können? Der SchwarzbÀr
28%
Keine ĂŒbereinstimmenden Quizze gefunden
Verteilung der Resultate
Anzahl Personen mit jedem Resultat
Perzentil nach korrekt beantworteten Fragen
Ihre Resultats-Entwicklung
Sie haben dieses Quiz noch nicht gespielt